000 00290nam a2200133Ia 4500
100 _aParker/Sybil P
942 _cBK
654 _adictionary
245 _aDictionary of physics
260 _bMc Graw Hill
_aNew York
_c1985
082 _a530.0321
_bPAR
300 _a646
546 _aENGLISH
999 _c32760
_d32760